| 000 | 00357 a2200157 4500 | ||
|---|---|---|---|
| 001 | 62858 | ||
| 020 | _a9788501077660 | ||
| 040 | _cAnchieta - Pituba | ||
| 100 | _aTerezza, Cristovão | ||
| 240 | 1 | 0 |
_aContos para ler na escola _lpor |
| 245 | 1 | 0 | _aContos para ler na escola |
| 300 | _a123 | ||
| 362 | 0 | _a2007 | |
| 650 | 4 | _aLiteratura juvenil | |
| 942 | _cBK | ||
| 999 |
_c62858 _d62858 |
||